=LDR 00000nam 2200000 4500 =001 INLIS000000000036741 =005 20130612142517 =008 ***********************************Ind** =035 ##$$0010-061300000036741 =041 ##$$a Ind =082 ##$$a 813 =090 ##$$a 813, Sur j =100 ##$$a Suryakusuma, Rina =245 ##$$a Jejak keuangan, Rina Suryakusuma ; editor, Tiovera Kresnawati =260 ##$$a 2011 $b Jakarta =300 ##$$a 258 hlm, 18 cm =650 ##$$a Fiksi Indonesia =700 ##$$a Krernawati, Novera =850 ##$$a NBPNMAT